1004 ejercicios de flexibilidad /

Detalles Bibliográficos
Autor principal: Ibáñez Riestra, Ascensión
Otros Autores: Torrebadella Flix, Javier
Formato: Libro
Lenguaje:español
Publicado: Barcelona Paidotribo 199?
Edición:5a.ed.
Colección:Colección deporte
Materias:
Acceso en línea:

MARC

LEADER 00000cam a2200000 a 4500
001 018177
003 UAHC_CL
005 20170803121608.0
008 040901u199 sp 000 spa
020 |a 8486475899 
040 |a UAHC_CL  |c UAHC_CL  |d UAHC_CL 
100 1 |a Ibáñez Riestra, Ascensión 
245 1 0 |a 1004 ejercicios de flexibilidad /  |c Ascención Ibáñez, Javier Torrebadella. 
250 |a 5a.ed. 
260 |b Paidotribo  |c 199?  |a Barcelona 
300 |a 490 p. 
490 0 |a Colección deporte 
521 |a Acondicionamiento corporal 
650 4 |a EJERCICIOS DE ESTIRAMIENTO 
653 |a DANZA 
700 1 |a Torrebadella Flix, Javier 
900 |a 613.71 IBA 
942 |c BK 
952 |0 0  |1 0  |4 0  |6 613_710000000000000_IBA  |7 0  |8 General  |9 36398  |a BS  |b BS  |c General  |d 2017-08-03  |l 3  |o 613.71 IBA  |p 1345974  |r 2025-11-26 00:00:00  |s 2019-07-25  |t 1  |w 2017-08-03  |y BK 
999 |c 18177  |d 18177